New York Jets 2025-26 Week 1 Roster - Statistics

General Stats
  • This quiz has been taken 93 times
  • The average score is 24 of 52
Answer Stats
Hint Answer % Correct
RB #20 Breece Hall
100%
QB #7 Justin Fields
98%
QB #2 Tyrod Taylor
97%
WR #5 Garrett Wilson
93%
TE #85 Mason Taylor
93%
DT #96 Leonard Taylor III
91%
RB #0 Braelon Allen
88%
RB #32 Isaiah Davis
81%
WR #10 Allen Lazard
79%
CB #1 Sauce Gardner
72%
LB #56 Quincy Williams
71%
TE #89 Jeremy Ruckert
69%
DT #95 Quinnen Williams
67%
WR #82 Arian Smith
66%
WR #83 Josh Reynolds
60%
LB #11 Jermaine Johnson
59%
K #6 Nick Folk
57%
FB #47 Andrew Beck
55%
C #66 Joe Tippmann
55%
OT #74 Olu Fashanu
55%
G #76 John Simpson
52%
LB #44 Jamien Sherwood
48%
CB #30 MIchael Carter II
48%
WR #3 Xavier Gipson
48%
S #8 Andre Cisco
45%
LS #42 Thomas Hennessy
43%
DE #9 Will Mcdonald IV
43%
C #71 Josh Myers
41%
DE #72 Micheal Clemons
40%
P #14 Austin McNamara
38%
CB #21 Brandon Stephens
38%
RB #34 Kene Nwangwu
38%
S #27 Malachi Moore
36%
CB #23 Azareye'h Thomas
34%
TE #84 Stone Smartt
33%
S #22 Tony Adams
33%
DT #97 Harrison Phillips
26%
OT #61 Max Mitchell
26%
CB #37 Qwan'tez Stiggers
24%
DT # 91 Jowon Briggs
19%
TE #86 Jelani Woods
17%
S #26 Isaiah Oliver
16%
LB #41 Marcelino McCrary-Ball
16%
G #65 Xavier Newman
16%
DE #55 Braiden McGregor
14%
DT #78 Jay Tufele
10%
LB #43 Cam Jones
9%
LB #51 Kiko Mauigoa
9%
DE #94 Tyler Baron
9%
OT #79 Chukwuma Okorafor
7%
OT #70 Armand Mambou
3%
OT #67 Esa Pole
3%
No matching quizzes found
Score Distribution
Percent of People with Each Score
Percentile by Number Answered
Your Score History
You have not taken this quiz